Data Analysis & Interpretation (Record no. 176299)

MARC details
000 -LEADER
fixed length control field 00371nam a22001697a 4500
005 - DATE AND TIME OF LATEST TRANSACTION
control field 20251003152540.0
020 ## - INTERNATIONAL STANDARD BOOK NUMBER
ISBN 978-93-5283-008-4
041 ## - LANGUAGE CODE
Language code of text/sound track or separate title English
082 ## - DEWEY DECIMAL CLASSIFICATION NUMBER
Classification number 001 Q17 SRI
100 ## - MAIN ENTRY--AUTHOR NAME
Personal name Srivastva.V.S
245 ## - TITLE STATEMENT
Title Data Analysis & Interpretation
250 ## - EDITION STATEMENT
Edition statement 1
260 ## - PUBLICATION, DISTRIBUTION, ETC. (IMPRINT)
Place of publication New Delhi
Name of publisher S.Chand
Year of publication 2017
300 ## - PHYSICAL DESCRIPTION
Number of Pages 195
365 ## - TRADE PRICE
Price amount 495.00
942 ## - ADDED ENTRY ELEMENTS (KOHA)
Koha item type Books
Holdings
Withdrawn status Lost status Home library Current library Shelving location Date acquired Cost, normal purchase price Full call number Accession Number Cost, replacement price Department Koha item type
    PSG-CAS LIBRARY PSG-CAS LIBRARY Compitive Exam Study Centre 03/10/2025 495.00 001 Q17 SRI 152193 495.00 Competitive Exams Books

Contact Us:

PSGCAS LIBRARY
Phone: 04224303300
Website: http://www.psgcas.ac.in/ | Email: psgcaslib@gmail.com


You are Visitor Number

web counter